Liedtext Quiz - Drip von Wilhelmine - Statistiken

Allgemein
  • Dieses Quiz wurde 16 mal gespielt
  • Das Durchschnittsergebnis liegt bei 179 aus 273
Antwortstatistiken
Antworten % Korrekt
ich
100%
Ich
100%
n
100%
drip
93%
Drip
93%
du
93%
es
93%
in
93%
ne
93%
See
93%
ein
86%
läuft
86%
läuft's
86%
Und
86%
und
86%
Is'
79%
ist
79%
Ist
79%
mir
79%
Träne
79%
Alle
71%
bin
71%
bin,
71%
Bin
71%
Gesicht
71%
immer
71%
macht
71%
mit
71%
oder
71%
so
71%
wenn
71%
zu
71%
an
64%
Dann
64%
dann
64%
Doch
64%
doch
64%
drop
64%
drop,
64%
gut
64%
Hab'
64%
hab'
64%
ins
64%
manchmal
64%
mich
64%
Nicht
64%
nicht
64%
Weißt
64%
auf
57%
aus,
57%
Bei
57%
denn
57%
happy
57%
heulen
57%
ja
57%
kein
57%
Leben
57%
Mein
57%
nur
57%
schlimm,
57%
schreien
57%
traurig
57%
allein'
50%
allein
50%
alles
50%
Alles
50%
einsam
50%
fühl'
50%
Fühl'
50%
gute
50%
Könnt'
50%
Laune
50%
Nein,
50%
nem
50%
perfekt
50%
alleine
43%
Balance
43%
bisschen
43%
darin
43%
ehrlich
43%
eigentlich
43%
ganz
43%
Hausboot
43%
Lieder
43%
Liege
43%
Loft
43%
lost
43%
Meine
43%
meiner
43%
Mitte
43%
niemals
43%
oh
43%
Problem,
43%
rosig
43%
schlafe
43%
Sieht
43%
verdammt
43%
Wohnung
43%
wollen
43%
zeigen
43%
Zimmer
43%
Feature
36%
Freundin
36%
Geld
36%
Model
36%
Pi
36%
Pop-Star-Hippie
36%
Prinz
36%
Rotation
36%
Schreib'
36%
hot
29%
uh-uh-uh,
29%
uh-uh-uh
29%
hey
21%
mhm
21%
wouh
21%
yay-yeah
21%
oho
14%
Keine übereinstimmenden Quizze gefunden
Verteilung der Resultate
Anzahl Personen mit jedem Resultat
Perzentil nach korrekt beantworteten Fragen
Ihre Resultats-Entwicklung
Sie haben dieses Quiz noch nicht gespielt